000 00692nam a2200229Ia 4500
003 OSt
005 20220926025158.0
006 a|||||r|||| 00| 0
007 ta
008 220923b |||||||| |||| 00| 0 eng d
037 _cGeneral Book
040 _aRTL
_cRTL
_beng
041 _2eng
_aeng
082 _aX65:8.73.N8, M6
100 _aLongstreth Bevis
_9332019
245 0 _aModern investment management and the prudent man r
260 _aOxford
_bOxford University Press
_c1986
300 _axv, 275p. Bib chapterwise ; Appendix p 161-266
_ccm.
650 _aInvestment
942 _hX65:8.73.N8, M6
_cGB
_2CC
999 _c646507
_d646507